000 00572nam a2200169Ia 4500
008 131103s9999 xx 000 0 und d
040 _aLoreto College
041 _aEnglish
082 _a823.09/RAT
_bLCLIB/15665
245 _aFrom Jane Austen to Joseph Conrad
_b essays collected in memory of James T.Hillhouse
_cedited by Robert C.Rathburn and Martin Steinmann
260 _aMinneapolis
_bUniversity Of Minnesota Press
_c1967
300 _axi,326 p.
_c 20 cm.
504 _aIncludes index
700 _aRathburn,Robert C.
850 _aLCLIB/823.09/RAT
942 _cBK
999 _c4636
_d55115